<?xml version="1.0" encoding="UTF-8"?>
<record
    xmlns:xsi="http://www.w3.org/2001/XMLSchema-instance"
    xsi:schemaLocation="http://www.loc.gov/MARC21/slim http://www.loc.gov/standards/marcxml/schema/MARC21slim.xsd"
    xmlns="http://www.loc.gov/MARC21/slim">

  <leader>02559cam a22002891i 4500</leader>
  <controlfield tag="003">SA-RiAUC</controlfield>
  <controlfield tag="005">20241104131601.0</controlfield>
  <controlfield tag="008">241101s2003    cy     g      000 0 ara c</controlfield>
  <datafield tag="040" ind1=" " ind2=" ">
    <subfield code="a">JO-IrYU</subfield>
    <subfield code="b">ara</subfield>
    <subfield code="c">SA-RiAUC</subfield>
    <subfield code="e">rda</subfield>
  </datafield>
  <datafield tag="050" ind1="1" ind2="4">
    <subfield code="b">.M3 2003</subfield>
  </datafield>
  <datafield tag="082" ind1="0" ind2="4">
    <subfield code="a">213</subfield>
  </datafield>
  <datafield tag="090" ind1=" " ind2=" ">
    <subfield code="a">213</subfield>
    <subfield code="b">&#x645; &#x644; &#x64A;</subfield>
  </datafield>
  <datafield tag="100" ind1="1" ind2=" ">
    <subfield code="a">&#x627;&#x644;&#x645;&#x644;&#x64A;&#x628;&#x627;&#x631;&#x64A;&#x60C; &#x623;&#x62D;&#x645;&#x62F; &#x628;&#x646; &#x639;&#x628;&#x62F; &#x627;&#x644;&#x639;&#x632;&#x64A;&#x632; &#x628;&#x646; &#x632;&#x64A;&#x646; &#x627;&#x644;&#x62F;&#x64A;&#x646;&#x60C;</subfield>
    <subfield code="d">&#x62A;&#x648;&#x641;&#x64A; 987 &#x647;&#x62C;&#x631;&#x64A;</subfield>
    <subfield code="e">&#x645;&#x624;&#x644;&#x641;.</subfield>
  </datafield>
  <datafield tag="245" ind1="1" ind2="0">
    <subfield code="a">&#x625;&#x631;&#x634;&#x627;&#x62F; &#x627;&#x644;&#x639;&#x628;&#x627;&#x62F; &#x625;&#x644;&#x649; &#x633;&#x628;&#x64A;&#x644; &#x627;&#x644;&#x631;&#x634;&#x627;&#x62F; /</subfield>
    <subfield code="c">&#x62A;&#x623;&#x644;&#x64A;&#x641; &#x623;&#x62D;&#x645;&#x62F; &#x632;&#x64A;&#x646; &#x627;&#x644;&#x62F;&#x64A;&#x646; &#x628;&#x646; &#x639;&#x628;&#x62F; &#x627;&#x644;&#x639;&#x632;&#x64A;&#x632; &#x627;&#x644;&#x645;&#x639;&#x628;&#x631;&#x64A; &#x627;&#x644;&#x645;&#x644;&#x64A;&#x628;&#x627;&#x631;&#x64A; &#x627;&#x644;&#x641;&#x646;&#x627;&#x646;&#x64A; &#x627;&#x644;&#x634;&#x627;&#x641;&#x639;&#x64A; &#x61B; &#x627;&#x639;&#x62A;&#x646;&#x627;&#x621; &#x628;&#x633;&#x627;&#x645; &#x639;&#x628;&#x62F; &#x627;&#x644;&#x648;&#x647;&#x627;&#x628; &#x627;&#x644;&#x62C;&#x627;&#x628;&#x64A;.</subfield>
  </datafield>
  <datafield tag="250" ind1=" " ind2=" ">
    <subfield code="a">&#x627;&#x644;&#x637;&#x628;&#x639;&#x629; &#x627;&#x644;&#x623;&#x648;&#x644;&#x649;.</subfield>
  </datafield>
  <datafield tag="264" ind1=" " ind2="1">
    <subfield code="a">&#x646;&#x64A;&#x642;&#x648;&#x633;&#x64A;&#x627; :</subfield>
    <subfield code="b">&#x627;&#x644;&#x62C;&#x641;&#x627;&#x646; &#x648;&#x627;&#x644;&#x62C;&#x627;&#x628;&#x649;&#x60C;</subfield>
    <subfield code="c">2003</subfield>
  </datafield>
  <datafield tag="300" ind1=" " ind2=" ">
    <subfield code="a">421 &#x635;&#x641;&#x62D;&#x629; &#x61B;</subfield>
    <subfield code="c">24 &#x633;&#x645;</subfield>
  </datafield>
  <datafield tag="336" ind1=" " ind2=" ">
    <subfield code="a">&#x646;&#x635;</subfield>
    <subfield code="b">txt</subfield>
    <subfield code="2">rdacontent</subfield>
    <subfield code="3">&#x643;&#x62A;&#x627;&#x628;</subfield>
  </datafield>
  <datafield tag="337" ind1=" " ind2=" ">
    <subfield code="a">&#x628;&#x62F;&#x648;&#x646; &#x648;&#x633;&#x64A;&#x637;</subfield>
    <subfield code="b">n</subfield>
    <subfield code="2">rdamedia</subfield>
  </datafield>
  <datafield tag="338" ind1=" " ind2=" ">
    <subfield code="a">&#x645;&#x62C;&#x644;&#x62F;</subfield>
    <subfield code="b">nc</subfield>
    <subfield code="2">rdacarrier</subfield>
  </datafield>
  <datafield tag="650" ind1=" " ind2="7">
    <subfield code="a">&#x627;&#x644;&#x648;&#x639;&#x638; &#x648;&#x627;&#x644;&#x625;&#x631;&#x634;&#x627;&#x62F;</subfield>
    <subfield code="2">aucsh</subfield>
  </datafield>
  <datafield tag="700" ind1="1" ind2=" ">
    <subfield code="a">&#x627;&#x644;&#x62C;&#x627;&#x628;&#x64A;&#x60C; &#x628;&#x633;&#x627;&#x645; &#x639;&#x628;&#x62F; &#x627;&#x644;&#x648;&#x647;&#x627;&#x628;</subfield>
    <subfield code="e">&#x645;&#x631;&#x627;&#x62C;&#x639;.</subfield>
  </datafield>
  <datafield tag="856" ind1=" " ind2=" ">
    <subfield code="u">http://dlib.nyu.edu/aco/book/columbia_aco002438/1?lang=ar</subfield>
    <subfield code="y">Digital Copy</subfield>
    <subfield code="2"> &#x646;&#x631;&#x62C;&#x648; &#x627;&#x644;&#x627;&#x646;&#x62A;&#x628;&#x627;&#x647; &#x644;&#x625;&#x645;&#x643;&#x627;&#x646;&#x64A;&#x629; &#x648;&#x62C;&#x648;&#x62F; &#x627;&#x62E;&#x62A;&#x644;&#x627;&#x641; &#x641;&#x64A; &#x627;&#x644;&#x637;&#x628;&#x639;&#x629; &#x623;&#x648; &#x627;&#x644;&#x646;&#x627;&#x634;&#x631; &#x628;&#x64A;&#x646; &#x627;&#x644;&#x628;&#x64A;&#x627;&#x646;&#x627;&#x62A; &#x639;&#x644;&#x649; &#x627;&#x644;&#x628;&#x648;&#x627;&#x628;&#x629; &#x648;&#x645;&#x627; &#x633;&#x62A;&#x62C;&#x62F;&#x647; &#x639;&#x644;&#x649; &#x627;&#x644;&#x643;&#x62A;&#x627;&#x628; &#x646;&#x638;&#x631;&#x627; &#x644;&#x645;&#x62D;&#x62F;&#x648;&#x62F;&#x64A;&#x629; &#x627;&#x644;&#x645;&#x639;&#x644;&#x648;&#x645;&#x627;&#x62A; &#x627;&#x644;&#x645;&#x62A;&#x627;&#x62D;&#x629; &#x639;&#x644;&#x649; &#x627;&#x644;&#x645;&#x648;&#x642;&#x639; &#x627;&#x644;&#x646;&#x627;&#x634;&#x631; &#x644;&#x644;&#x645;&#x627;&#x62F;&#x629;.</subfield>
    <subfield code="3">Please note that there may be a difference in the edition or publisher between the data on the portal and  the book due to the limited information available on the publisher website for the material.</subfield>
  </datafield>
  <datafield tag="856" ind1=" " ind2=" ">
    <subfield code="u">http://dl-img.home.nyu.edu/adore-djatoka/resolver?url_ver=Z39.88-2004&amp;svc_id=info%3Alanl-repo/svc/getRegion&amp;svc_val_fmt=info%3Aofi/fmt%3Akev%3Amtx%3Ajpeg2000&amp;svc.format=image/jpeg&amp;rft_id=http%3A//dlib.nyu.edu/files/books/columbia_aco002438/columbia_aco002438_afr01_d.jp2&amp;svc.scale=230 </subfield>
    <subfield code="y">CoverImage</subfield>
    <subfield code="2"> &#x646;&#x631;&#x62C;&#x648; &#x627;&#x644;&#x627;&#x646;&#x62A;&#x628;&#x627;&#x647; &#x644;&#x625;&#x645;&#x643;&#x627;&#x646;&#x64A;&#x629; &#x648;&#x62C;&#x648;&#x62F; &#x627;&#x62E;&#x62A;&#x644;&#x627;&#x641; &#x641;&#x64A; &#x627;&#x644;&#x637;&#x628;&#x639;&#x629; &#x623;&#x648; &#x627;&#x644;&#x646;&#x627;&#x634;&#x631; &#x628;&#x64A;&#x646; &#x627;&#x644;&#x628;&#x64A;&#x627;&#x646;&#x627;&#x62A; &#x639;&#x644;&#x649; &#x627;&#x644;&#x628;&#x648;&#x627;&#x628;&#x629; &#x648;&#x645;&#x627; &#x633;&#x62A;&#x62C;&#x62F;&#x647; &#x639;&#x644;&#x649; &#x627;&#x644;&#x643;&#x62A;&#x627;&#x628; &#x646;&#x638;&#x631;&#x627; &#x644;&#x645;&#x62D;&#x62F;&#x648;&#x62F;&#x64A;&#x629; &#x627;&#x644;&#x645;&#x639;&#x644;&#x648;&#x645;&#x627;&#x62A; &#x627;&#x644;&#x645;&#x62A;&#x627;&#x62D;&#x629; &#x639;&#x644;&#x649; &#x627;&#x644;&#x645;&#x648;&#x642;&#x639; &#x627;&#x644;&#x646;&#x627;&#x634;&#x631; &#x644;&#x644;&#x645;&#x627;&#x62F;&#x629;.</subfield>
    <subfield code="3">Please note that there may be a difference in the edition or publisher between the data on the portal and  the book due to the limited information available on the publisher website for the material.</subfield>
  </datafield>
  <datafield tag="942" ind1=" " ind2=" ">
    <subfield code="2">ddc</subfield>
    <subfield code="c">BOOK</subfield>
    <subfield code="n">0</subfield>
  </datafield>
  <datafield tag="949" ind1=" " ind2=" ">
    <subfield code="a">SA-JeALM</subfield>
    <subfield code="d">241101</subfield>
    <subfield code="u">mohamedma123</subfield>
    <subfield code="n">1</subfield>
  </datafield>
  <datafield tag="952" ind1=" " ind2=" ">
    <subfield code="0">0</subfield>
    <subfield code="1">0</subfield>
    <subfield code="2">ddc</subfield>
    <subfield code="4">0</subfield>
    <subfield code="7">0</subfield>
    <subfield code="a">WAHAB</subfield>
    <subfield code="b">WAHAB</subfield>
    <subfield code="d">2024-11-04</subfield>
    <subfield code="l">0</subfield>
    <subfield code="o">213 &#x645; &#x644; &#x64A;</subfield>
    <subfield code="p">000003115</subfield>
    <subfield code="r">2024-11-04 13:16:45</subfield>
    <subfield code="w">2024-11-04</subfield>
    <subfield code="y">BOOK</subfield>
  </datafield>
  <datafield tag="999" ind1=" " ind2=" ">
    <subfield code="c">2039</subfield>
    <subfield code="d">2039</subfield>
  </datafield>
</record>
